| 000 | 01028nam a2200241 a 4500 | ||
|---|---|---|---|
| 001 | 40421 | ||
| 003 | BD-RjUL | ||
| 005 | 20211209053216.0 | ||
| 008 | 170131s 2001bg ||||| |||| 00| 0 ben d | ||
| 020 |
_a9840740946 _c: Tk.90.00 |
||
| 035 | _a(BD-RjUL)40536 | ||
| 040 |
_aBD-RjUL _bben _cBD-RjUL _dBD-RjUL |
||
| 041 | _aben | ||
| 082 |
_223 _a891.44109 _bGUA 2001 |
||
| 100 |
_aগুহ, বিমল _9124520 |
||
| 245 | 1 | 0 |
_aআধুনিক বাংলা কবিতায় লোকজ উপদান : _bজসীমউদ্দীন-জীবনানন্দ দাশ-বিষ্ণু দে / _cবিমল গুহ |
| 260 |
_aঢাকা : _bবাংলা একাডেমী, _c২০০১ |
||
| 300 |
_a২৫৮ পৃ. ; _c২১ সেমি. |
||
| 500 | _aনির্ঘন্ট সংযুক্ত | ||
| 650 |
_aবাংলা কবিতা _vইতিহাস ও সমালোচনা _9179539 |
||
| 650 |
_aBengali poetry _vHistory and Criticism _9179540 |
||
| 942 |
_2ddc _cBK |
||
| 999 |
_c40421 _d40421 |
||